000 01125nam a2200289 a 4500
001 25273
003 CO-ViMGA
005 20230915232050.0
008 141112s2004 ck r 000 u spa d
020 _a8478290802
040 _aCO-ViMGA
_bspa
_cCO-ViMGA
041 _aspa eng
082 0 4 _a337 K78e
100 1 _aKrugman, Paul R., 1953 -
_938533
245 1 0 _aEconomía internacional :
_bteoría y política /
_cPaul Krugman, Maurice Obstfeld ; traducción Yago Moreno ; revisión técnica Rafael Martínez Cortiña.
250 _a7a. ed Editor Alberto Cañizal.
260 _aMadrid :
_bPearson Addison Wesley,
_c2006.
300 _axxxiii, 742 p. : il. ; 26 cm.
504 _aIncluye bibliografías e índice.
650 1 4 _aEconomía internacional
_948555
650 1 4 _aEconomía política
650 1 4 _aTeoría económica
_938534
700 1 _aObstfeld, Maurice.
_938535
852 _1.908.96
942 _2ddc
_cBK
999 _c32899
_d32899